000 00447nam a2200157 4500
001 136671
003 ES-MaACL
005 20230906195210.0
007 t|
008 070214s1973 sp r ||||1| spa d
100 1 _aSala Franco, Tomás.
_9101663
245 1 3 _aLa movilidad del personal dentro de la empresa /
_cTomás Sala Franco.
260 _aMadrid :
_bTecnos,
_c1973.
300 _a153 p. ;
_c22 cm.
852 _aES-MaACL
_jC-54750
_bR.87330
999 _c136671
_d136671